[Event "Suwalki Warakomska Memorial 6th"]
[Site "Suwalki"]
[Date "2022.08.07"]
[Round "6"]
[White "Buraczewski, Rafal"]
[Black "Kacprzak, Karol1"]
[Result "1-0"]
[WhiteElo "2147"]
[BlackElo "2195"]
[PlyCount "70"]
[EventDate "2022.08.03"]
[EventType "swiss"]
[EventRounds "9"]
[EventCountry "POL"]
[SourceTitle "CBM 209 Extra"]
[Source "ChessBase"]
[SourceDate "2022.09.30"]
[SourceVersion "1"]
[SourceVersionDate "2022.09.30"]
[SourceQuality "1"]

1. d4 d5 2. Nf3 e6 3. e3 Nf6 4. Bd3 c5 5. c3 Nc6 6. Nbd2 Be7 7. Qe2 b6 8. 0-0 0-0 9. Ne5 Nxe5 10. dxe5 Nd7 11. f4 g6 12. b3 f6 13. exf6 Bxf6 14. Bb2 Bb7 15. e4 Bg7 16. Qg4 Qe7 17. Rae1 c4 18. Bb1 Nf6 19. Qg5 cxb3 20. Kh1 bxa2 21. Bxa2 Qd8 22. f5 exf5 23. exf5 Nd7 24. Qg3 Kh8 25. fxg6 h6 26. Rf7 Rxf7 27. gxf7 Qf6 28. Rf1 Qe5 29. Qd3 Qe6 30. Bb1 Nf8 31. Ba3 Qe4 32. Nxe4 dxe4 33. Qe3 Rc8 34. Bxf8 Rxf8 35. Bxe4 Bd4 1-0

[Event "Suwalki Warakomska Memorial 6th"]
[Site "Suwalki"]
[Date "2022.08.04"]
[Round "2"]
[White "Buraczewski, Rafal"]
[Black "Kosakowski, Jakub"]
[Result "0-1"]
[WhiteElo "2147"]
[BlackElo "2432"]
[PlyCount "58"]
[EventDate "2022.08.03"]
[EventType "swiss"]
[EventRounds "9"]
[EventCountry "POL"]
[SourceTitle "CBM 209 Extra"]
[Source "ChessBase"]
[SourceDate "2022.09.30"]
[SourceVersion "1"]
[SourceVersionDate "2022.09.30"]
[SourceQuality "1"]

1. d4 Nf6 2. c4 g6 3. f3 d5 4. cxd5 Nxd5 5. e4 Nb6 6. Nc3 Bg7 7. Be3 0-0 8. Qd2 e5 9. 0-0-0 exd4 10. Bxd4 Bxd4 11. Qxd4 Qe7 12. h4 Nc6 13. Qe3 Be6 14. f4 Rad8 15. Rxd8 Rxd8 16. Nf3 Na5 17. h5 Qb4 18. hxg6 fxg6 19. Nd2 Bxa2 20. Qh3 h5 21. Nxa2 Qxd2+ 22. Kb1 Qxf4 23. Bd3 Nac4 24. Nc3 Kg7 25. Bxc4 Nxc4 26. Qe6 Qf7 27. Qh3 Rd2 28. Nd1 Qf6 29. Qb3 Rxb2+ 0-1

[Event "POL-chT Academic"]
[Site "Chorzow"]
[Date "2021.05.15"]
[Round "4.14"]
[White "Buraczewski, Rafal"]
[Black "Adamczewski, Maciej"]
[Result "1-0"]
[WhiteElo "2147"]
[BlackElo "2053"]
[PlyCount "123"]
[EventDate "2021.05.15"]
[EventType "team-swiss (rapid)"]
[EventRounds "9"]
[EventCountry "POL"]
[SourceTitle "CBM 202 Extra"]
[Source "ChessBase"]
[SourceDate "2021.07.31"]
[SourceVersion "1"]
[SourceVersionDate "2021.07.31"]
[SourceQuality "1"]
[WhiteTeam "Gdansk Univ"]
[BlackTeam "Wroclaw University"]
[WhiteTeamCountry "POL"]
[BlackTeamCountry "POL"]

1. d4 Nf6 2. Nf3 g6 3. c4 Bg7 4. Nc3 0-0 5. Bg5 c5 6. d5 h6 7. Bh4 d6 8. Qc2 Qa5 9. Nd2 a6 10. e4 e5 11. Bd3 Qc7 12. h3 Nh5 13. Bg3 f5 14. Bh2 f4 15. 0-0-0 Bd7 16. Be2 Nf6 17. g3 fxg3 18. Bxg3 b5 19. cxb5 axb5 20. Bxb5 Nh5 21. Be2 Nf4 22. Bxf4 exf4 23. Rdg1 Be8 24. e5 Bxe5 25. Bd3 Kh8 26. Bxg6 Bxg6 27. Rxg6 Qh7 28. Rhg1 Nd7 29. Nc4 Rg8 30. Rxg8+ Rxg8 31. Qxh7+ Kxh7 32. Rxg8 Kxg8 33. Ne4 Kg7 34. a4 Kg6 35. a5 Nb8 36. Ncxd6 Bd4 37. f3 Na6 38. Nb5 Be5 39. d6 Kf7 40. Nc7 Nxc7 41. dxc7 Bxc7 42. Nxc5 Bxa5 43. Nd3 Bc7 44. Kc2 Ke6 45. Nf2 h5 46. Kd3 Kd5 47. Ne4 Be5 48. b4 h4 49. Nf2 Bd6 50. Kc3 Be5+ 51. Kd3 Bd6 52. b5 Bc5 53. Ne4 Be3 54. Nc3+ Kc5 55. Ke4 Kc4 56. Nd5 Ba7 57. b6 Bb8 58. Nxf4 Kc5 59. Nd5 Kd6 60. f4 Ke6 61. f5+ Kf7 62. Nb4 1-0

[Event "Titled Tuesday intern op 11th May"]
[Site "Chess.com INT"]
[Date "2021.05.11"]
[Round "5"]
[White "Buraczewski, Rafal"]
[Black "Loy, Konstantin"]
[Result "1/2-1/2"]
[WhiteElo "2147"]
[BlackElo "2268"]
[PlyCount "78"]
[EventDate "2021.05.11"]
[EventType "swiss (blitz)"]
[EventRounds "11"]
[EventCountry "USA"]
[SourceTitle "CBM 202 Extra"]
[Source "ChessBase"]
[SourceDate "2021.07.31"]
[SourceVersion "1"]
[SourceVersionDate "2021.07.31"]
[SourceQuality "1"]

1. d4 Nf6 2. c4 c5 3. d5 b5 4. Qc2 Bb7 5. e4 bxc4 6. Bxc4 e6 7. Nc3 exd5 8. exd5 d6 9. Nf3 Be7 10. 0-0 0-0 11. Re1 Ba6 12. b3 Bxc4 13. bxc4 Nbd7 14. Bg5 Re8 15. Re2 Ng4 16. Bf4 Nb6 17. Ne4 Bf6 18. Rae1 Ne5 19. Nxf6+ Qxf6 20. Bxe5 dxe5 21. Rxe5 Rxe5 22. Rxe5 Qf4 23. Re4 Qf6 24. h3 h6 25. Ne5 Re8 26. Qe2 Qf5 27. f3 f6 28. Nc6 Rxe4 29. fxe4 Qf4 30. e5 fxe5 31. Nxe5 Qd4+ 32. Kh2 a5 33. Qh5 Qf4+ 34. Kh1 Nxc4 35. Qe8+ Kh7 36. Qg6+ Kg8 37. Qe8+ Kh7 38. Qg6+ Kh8 39. Qe8+ Kh7 1/2-1/2